[Event "Olympiad-37"]
[Site "Turin"]
[Date "2006.05.22"]
[Round "2"]
[White "Fancy, Stuart"]
[Black "Digesh, Shanker Malla"]
[Result "1/2-1/2"]
[WhiteElo "2167"]
[BlackElo "2257"]
[PlyCount "21"]
[EventDate "2006.05.21"]
[EventType "team-swiss"]
[EventRounds "13"]
[EventCountry "ITA"]
[SourceTitle "CBM 113"]
[Source "ChessBase"]
[SourceDate "2006.07.31"]
[SourceVersion "1"]
[SourceVersionDate "2006.07.31"]
[SourceQuality "1"]
[WhiteTeam "Papua New Guinea"]
[BlackTeam "Nepal"]
[WhiteTeamCountry "PNG"]
[BlackTeamCountry "NEP"]

1. Nc3 d5 2. e4 dxe4 3. Nxe4 e5 4. Bc4 Nh6 5. Nf3 Nc6 6. d3 Nf5 7. 0-0 Be7 8. Nfg5 Nh6 9. Nf3 Nf5 10. Nfg5 Nh6 11. Nf3 1/2-1/2

[Event "Olympiad-36"]
[Site "Mallorca"]
[Date "2004.10.19"]
[Round "5"]
[White "Digesh, Shanker Malla"]
[Black "Gentilleau, Jean Philippe"]
[Result "1/2-1/2"]
[WhiteElo "2253"]
[BlackElo "2256"]
[PlyCount "37"]
[EventDate "2004.10.15"]
[EventType "team-swiss"]
[EventRounds "14"]
[EventCountry "ESP"]
[SourceTitle "CBM 104"]
[Source "ChessBase"]
[SourceDate "2005.01.27"]
[SourceVersion "1"]
[SourceVersionDate "2005.01.27"]
[SourceQuality "1"]
[WhiteTeam "Nepal"]
[BlackTeam "Monaco"]
[WhiteTeamCountry "NEP"]
[BlackTeamCountry "MNC"]

1. e4 c5 2. Nf3 d6 3. d4 cxd4 4. Nxd4 Nf6 5. Nc3 Nc6 6. Be2 e5 7. Nf3 Be7 8. 0-0 h6 9. h3 0-0 10. b3 Be6 11. Bb2 a6 12. Re1 b5 13. Bf1 Nb8 14. Nd2 Nbd7 15. Ne2 Qc7 16. Ng3 Nc5 17. c4 b4 18. Be2 a5 19. Qc2 1/2-1/2

[Event "Olympiad-36"]
[Site "Mallorca"]
[Date "2004.10.17"]
[Round "3"]
[White "Digesh, Shanker Malla"]
[Black "Chang, Hon Kun"]
[Result "1-0"]
[WhiteElo "2253"]
[BlackElo "2073"]
[PlyCount "63"]
[EventDate "2004.10.15"]
[EventType "team-swiss"]
[EventRounds "14"]
[EventCountry "ESP"]
[SourceTitle "CBM 104"]
[Source "ChessBase"]
[SourceDate "2005.01.27"]
[SourceVersion "1"]
[SourceVersionDate "2005.01.27"]
[SourceQuality "1"]
[WhiteTeam "Nepal"]
[BlackTeam "Macau"]
[WhiteTeamCountry "NEP"]
[BlackTeamCountry "MAC"]

1. e4 e5 2. Nf3 Nc6 3. Bb5 a6 4. Ba4 Nf6 5. 0-0 b5 6. Bb3 d6 7. c3 Na5 8. Bc2 c5 9. d4 Bg4 10. dxe5 Bxf3 11. Qxf3 dxe5 12. Nd2 Nc6 13. Rd1 Bd6 14. Nf1 Qc7 15. Bg5 Be7 16. Ne3 Qb7 17. Nd5 Ng8 18. Nxe7 Ngxe7 19. Be3 c4 20. h4 f6 21. Qg4 Kf7 22. Rd7 Qc8 23. Rad1 Rd8 24. Qh5+ Kf8 25. Rxd8+ Nxd8 26. Qxh7 Nf7 27. Rd2 Qc7 28. h5 Ng8 29. b4 cxb3 30. Bxb3 Ngh6 31. Bxh6 gxh6 32. Rd6 1-0

[Event "Chennai WinTV op 1st"]
[Site "Chennai"]
[Date "2004.01.31"]
[Round "12"]
[White "Ram, Mohan Reddy V"]
[Black "Digesh, Shanker Malla"]
[Result "0-1"]
[WhiteElo "2000"]
[BlackElo "2217"]
[PlyCount "112"]
[EventDate "2004.01.21"]
[EventType "swiss"]
[EventRounds "13"]
[EventCountry "IND"]
[SourceTitle "CBM 098 Extra"]
[Source "ChessBase"]
[SourceDate "2004.03.10"]
[SourceVersion "2"]
[SourceVersionDate "2004.03.10"]
[SourceQuality "1"]

1. Nf3 Nf6 2. d4 d5 3. c4 e6 4. Bg5 Be7 5. e3 Ne4 6. Bf4 c6 7. Nfd2 f5 8. f3 Nxd2 9. Nxd2 Bh4+ 10. g3 Bf6 11. cxd5 exd5 12. Bd3 Qe7 13. Kf2 0-0 14. Qc2 g5 15. Bxb8 Rxb8 16. f4 Re8 17. Nf1 gxf4 18. gxf4 Bh4+ 19. Ke2 Qg7 20. Kd1 Kh8 21. Rc1 Bd7 22. Qd2 b6 23. Rc2 c5 24. dxc5 bxc5 25. Qg2 Qxg2 26. Rxg2 c4 27. Bb1 d4 28. Rhg1 dxe3 29. Re2 Bc6 30. Rxe3 Rxe3 31. Nxe3 Bf2 32. Rg3 Bxg3 33. hxg3 Rxb2 34. Kc1 c3 35. Nd1 Rg2 36. Nxc3 Rxg3 37. Kd2 Bd7 38. Nd5 Kg7 39. Ne7 Kf6 40. Nd5+ Kf7 41. Ne3 Ke7 42. Nc4 Be6 43. Ne5 Kf6 44. Nc6 Bd7 45. Ne5 Be8 46. Nc4 h5 47. Ne3 Bd7 48. Nd5+ Kf7 49. Ne3 Kg6 50. Ke2 h4 51. Kf2 Rxe3 52. Kxe3 Bc6 53. Kf2 Be4 54. Bxe4 fxe4 55. Ke3 Kf5 56. a4 h3 0-1